Colloquia Maruliana

Bibliographic Details
Format: Serial
Language:Croatian
Published: Splin Književni krug 1993-1998
ISBN:8673971381
953163078X
9531631042

MARC

LEADER 00000cas a2200000 a 4500
001 vtls001408350
003 SK-MaSNL
005 20260221113535.0
008 240422u19931998ci 0 0 0hrv c
020 |a 8673971381 
020 |a 953163078X 
020 |a 9531631042 
035 |a SNK000363018 
040 |a SNK  |b slo  |c SNK  |e AACR2 
041 0 |a hrv 
044 |a ci  |c HR 
245 0 0 |a Colloquia Maruliana 
260 |a Splin  |b Književni krug  |c 1993-1998 
500 |a Záznam popísaný podľa [roč.] 2, 1993 
850 |a Slovenská národná knižnica v Martine 
919 |a 86-7397-138-1 
919 |a 953-163-078-X 
919 |a 953-163-104-2 
999 |c 2465  |d 4395 
952 |0 0  |1 1  |4 0  |7 0  |a SNK  |b SNK  |d 2002-10-01  |i snkV 1190/2002  |l 0  |o snkČC 4356/2.1993  |p 17A0356900  |r 2005-01-02 00:00:00  |t P60, <06>, [BOOK], {606}  |w 2026-02-21  |y PREZ 
952 |0 0  |1 1  |4 0  |7 0  |a SNK  |b SNK  |d 2002-10-01  |i snkV 1191/2002  |l 0  |o snkČC 4356/6.1997  |p 17A0356898  |r 2005-01-02 00:00:00  |t P60, <06>, [BOOK], {606}  |w 2026-02-21  |y PREZ 
952 |0 0  |1 1  |4 0  |7 0  |a SNK  |b SNK  |d 2002-10-01  |i snkV 1192/2002  |l 0  |o snkČC 4356/7.1998  |p 17A0356899  |r 2005-01-02 00:00:00  |t P60, <06>, [BOOK], {606}  |w 2026-02-21  |y PREZ